Loading...
| Science - Other Science | 1 | 8 | 0 | 1 | 95 | 58 | 92.56 | 2 | 7 |
| Science - Chemistry | 0 | 7 | 0 | 1 | 70 | 88 | 108.71 | 1 | 4 |
| Science - Physics | 1 | 3 | 0 | 0 | 45 | 71 | 97.50 | 0 | 3 |
| Science - Biology | 1 | 2 | 0 | 1 | 35 | 74 | 89.67 | 2 | 2 |
| History - American History | 0 | 3 | 1 | 0 | 25 | 68 | 97.67 | 0 | 1 |
| Literature - British Literature | 1 | 1 | 0 | 0 | 25 | 22 | 59.00 | 1 | 2 |
| Mythology | 0 | 2 | 0 | 1 | 20 | 113 | 120.00 | 0 | 0 |
| History - European History | 1 | 0 | 0 | 0 | 15 | 50 | 50.00 | 1 | 1 |
| Philosophy | 0 | 1 | 0 | 0 | 10 | 104 | 104.00 | 1 | 1 |
| Religion | 0 | 1 | 0 | 1 | 10 | 136 | 136.00 | 0 | 1 |
| Social Science | 0 | 1 | 1 | 0 | 5 | 111 | 111.00 | 0 | 1 |
| Literature - American Literature | 0 | 0 | 0 | 0 | 0 | 0.00 | 0 | 0 | |
| Other Academic | 0 | 0 | 1 | 0 | -5 | 0.00 | 0 | 0 |